Codes IATA - France - Statistiques

Statistiques générales
  • Ce quiz a été pris 45 fois
  • Le résultat moyen est 21 sur 52
Statistiques - réponses
Code Ville % Correct
CDG Paris Roissy Charles de Gaulle
100%
LIL Lille Lesquin
97%
MRS Marseile Provence
97%
NCE Nice Côte d'Azur
97%
ORY Paris Orly
97%
TLS Toulouse Blagnac
97%
BOD Bordeaux Mérignac
94%
LYS Lyon Saint-Exupéry
91%
FDF Martinique Aimé-Césaire
91%
NTE Nantes Atlantique
91%
AJA Ajaccio Napoléon Bonaparte
88%
MPL Montpellier Méditerranée
79%
PTP Guadeloupe Maryse-Condé
76%
MLH Bâle Mulhouse
70%
CAY Cayenne Félix-Éboué
70%
BVA Paris Beauvais
67%
TLN Toulon Hyères
64%
RUN La Réunion Roland-Garros
61%
BIA Bastia Poretta
55%
RNS Rennes Saint-Jacques
55%
PPT Tahiti Faaa
55%
NOU Nouméa La Tontouta
48%
BIQ Biarritz Pays basque
45%
BES Brest Bretagne
42%
SXB Strasbourg Entzheim
39%
DZA Dzaoudzi Marcel-Henri
33%
GNB Grenoble Alpes Isère
33%
LDE Tarbes Lourdes Pyrénées
27%
ETZ Metz Nancy Lorraine
24%
LRH La Rochelle Ile-de-Ré
21%
BZR Béziers Cap-d'Agde
18%
PUF Pau Pyrénées
18%
FSC Figari Sud-Corse
15%
PGF Perpignan Rivesaltes
15%
CLY Calvi Sainte-Catherine
12%
LIG Limoges Bellegarde
12%
CFR Caen Carpiquet
9%
CCF Carcassonne Occitane Sud-de-France
9%
CFE Clermont-Ferrand Auvergne
9%
FNI Nîmes Garons
6%
GEA Nouméa Magenta
3%
SBH Saint Barthélemy
3%
EGC Bergerac Dordogne Périgord
0%
BOB Bora-Bora
0%
CMF Chambéry
0%
DLE Dole Jura
0%
HUH Huahine
0%
LIF Lifou Wanaham
0%
RFP Raiatea
0%
RGI Rangiroa
0%
SFG Saint-Martin Grand Case
0%
TUF Tours Val-de-Loire
0%
Aucun quiz correspondant
Distribution des résultats
% des personnes avec chaque résultat
Percentile par nombre de réponses
Votre historique - résultats
Vous n’avez pas pris ce quiz